| 000 | 01303nam a2200217 a 4500 | ||
|---|---|---|---|
| 008 | 110929s2011 ||||||||||||||||| || u | ||
| 020 | _a9789211370331 | ||
| 050 | _aUNO(058) | ||
| 110 | _aUnited Nations Organisation (UNO) | ||
| 245 | 1 | 0 |
_aRepertoire of the practice of the security council _cby United Nations Organization [UNO] |
| 260 |
_aGeneva: _bUnited Nations Organization (UNO) _c2011 |
||
| 300 | _a2 Vols. | ||
| 350 | _a0.00 | ||
| 362 | 1 | _a<p>Supplement 1993-1995, Vols 1 & 2; Supplement 1996-1999, Vols 1 & 2</p> | |
| 650 | _aUNITED NATIONS SECURITY COUNCIL--CONGRESSES | ||
| 650 | _aUNITED NATIONS SECURITY COUNCIL--RULES AND PRACTICES | ||
| 995 |
_aSPECIAL COLLECTIONS _D0.00 _e03008343 _FCBU-MAIN LIBRARY (Kitwe) _H1 _I0.00 _jUNO(058)RPSC/1995A _M1 _UAVAILABLE _WJan 10, 2012 _y03008343 _ZInternational Publications |
||
| 995 |
_aSPECIAL COLLECTIONS _e129 _FCBU-MAIN LIBRARY (Kitwe) _I0.00 _jUNO(058)RPSC/1999B _M4 _UAVAILABLE _WAug 16, 2012 _yB129 _ZInternational Publications |
||
| 995 |
_aSPECIAL COLLECTIONS _e128 _FCBU-MAIN LIBRARY (Kitwe) _I0.00 _jUNO(058)RPSC/1999A _M3 _UAVAILABLE _WAug 16, 2012 _yB128 _ZInternational Publications |
||
| 995 |
_aSPECIAL COLLECTIONS _D0.00 _e03008344 _FCBU-MAIN LIBRARY (Kitwe) _H1 _I0.00 _jUNO(058)RPSC/1995B _M2 _UAVAILABLE _WJan 10, 2012 _y03008344 _ZInternational Publications |
||
| 999 |
_c80047 _d80047 |
||